000 00913nam a2200229Ia 4500
999 _c38990
_d38990
001 5461
003 GE_BSU
005 20230406124804.0
008 181216s1993||||rus|||||||||||||| ||ru ||
020 _a5511005266
040 _cGE_BSU
041 _aru
080 _a514.116 Ж-70
100 _aЖижиашвили, Л.В.
_917515
245 _aНекоторые вопросы теории тригонометрических рядов Фурье и их сопряженных /
_cЛ. Жижиашвили ; Ред.Г. Ткебучава.
264 _aТбилиси :
_b Изд-во Тбил. ун-та,
_c1993.
300 _a410 с. ;
_b21 см.
521 _aБиблиогр.: с. 383-411.
653 _aტრიგონომეტრიული მწკრივების თეორია
700 _aТкебучава, Г.,
_eრედაქტორი
_917516
942 _cBK
_2udc